Abréviations N°2 - Statistiques

Statistiques générales
  • Ce quiz a été pris 212 fois
  • Le résultat moyen est 13 sur 18
Statistiques - réponses
Terme Abréviation % Correct
Avenue av.
100%
Boîte Postal B.P.
98%
Est E
92%
Nord N
92%
Ouest O
92%
Sud S
92%
Mont mt
89%
Place pl.
89%
Fleuve fl.
78%
Boulevard bd
77%
Capitale cap
68%
Rivière riv.
68%
Département dép.
60%
en Ville E;V.
59%
Faubourg faub.
58%
Chef-lieu ch.-l.
55%
Canton con
23%
Circonsription circonscr.
6%
Aucun quiz correspondant
Distribution des résultats
% des personnes avec chaque résultat
Percentile par nombre de réponses
Votre historique - résultats
Vous n’avez pas pris ce quiz